000 00943nam a2200205Ii 4500
003 JO-AjNU
008 230605s9999||||xx |||||||||||||| ||und||
040 _aJO-AjNU
_bara
_erda
_cJO-AjNU
041 _aara
050 1 4 _aPJ8058 2004
100 3 _aجامعة جرش الاهلية- كلية الاداب ، قسم اللغة العربية ,
_eauthor
_957511
245 0 0 _aالحركة الأدبية في الوطن العربي والتحديات المعاصرة من13 2004/4/15م: بحوث المؤتمر النقدي السابع لقسم اللغة العربية في جامعة الاهلية
250 _aط1
264 3 1 _aجرش: جامعة جرش، 2004
300 _a242ص
_bببليوجرافيا 236-242
336 _atext
_btxt
_2rdacontent
337 _aunmediated
_bn
_2rdamedia
338 _avolume
_bnc
_2rdacarrier
650 4 _aالحركة الادبية في الوطن العربي- بحوث مؤتمرات
_957512
999 _aA25778
_c29346
_d29346